El primer tercio de un corto siglo XX /
Salvato in:
| Autore principale: | |
|---|---|
| Natura: | Libro |
| Lingua: | Spanish |
| Tags: |
Aggiungi Tag
Nessun Tag, puoi essere il primo ad aggiungerne!!
|
MARC
| LEADER | 00000nam a22000007a 4500 | ||
|---|---|---|---|
| 003 | cru CIDCACS/IIS | ||
| 005 | 20181129112552.0 | ||
| 007 | ta | ||
| 008 | 181129t2011 mx |||||r|||||||| 0|spa|d | ||
| 999 | |c 41935 |d 41935 | ||
| 040 | |c cru CIDCACS/IIS | ||
| 100 | 1 | |9 8047 |a González Sierra, José Gaudencio | |
| 245 | 1 | 3 | |a El primer tercio de un corto siglo XX / |c José Gaudencio González Sierra |
| 300 | |a páginas 351-368: |b fotos | ||
| 773 | 0 | |0 41933 |9 2462 |d Mexico: Gobierno del Estado de Veracruz, 2011 |o 17741 |t Historia general de Veracruz / |z 9786075020938 | |
| 942 | |2 ddc |c LI | ||



